相互接壤的人口少的地级行政区 - Statistics

General Stats
  • This quiz has been taken 22 times
  • The average score is 47 of 49
Answer Stats
省级行政区 地级行政区 % Correct
四川省 阿坝藏族羌族自治州
100%
内蒙古自治区 阿拉善盟
100%
西藏自治区 阿里地区
100%
内蒙古自治区 巴彦淖尔市
100%
新疆维吾尔自治区 巴音郭楞蒙古自治州
100%
西藏自治区 昌都市
100%
云南省 迪庆藏族自治州
100%
四川省 甘孜藏族自治州
100%
青海省 果洛藏族自治州
100%
青海省 海北藏族自治州
100%
青海省 海东市
100%
青海省 海南藏族自治州
100%
青海省 海西蒙古族藏族自治州
100%
青海省 黄南藏族自治州
100%
甘肃省 嘉峪关市
100%
新疆维吾尔自治区 克拉玛依市
100%
西藏自治区 拉萨市
100%
西藏自治区 林芝市
100%
云南省 怒江傈僳族自治州
100%
西藏自治区 日喀则市
100%
西藏自治区 山南市
100%
宁夏回族自治区 石嘴山市
100%
新疆维吾尔自治区 吐鲁番市
100%
内蒙古自治区 乌海市
100%
宁夏回族自治区 吴忠市
100%
甘肃省 武威市
100%
青海省 玉树藏族自治州
100%
宁夏回族自治区 中卫市
100%
新疆维吾尔自治区 阿勒泰地区
95%
新疆维吾尔自治区 博尔塔拉蒙古自治州
95%
黑龙江省 大兴安岭地区
95%
甘肃省 甘南藏族自治州
95%
新疆维吾尔自治区 哈密市
95%
黑龙江省 鹤岗市
95%
黑龙江省 黑河市
95%
甘肃省 金昌市
95%
甘肃省 酒泉市
95%
云南省 丽江市
95%
西藏自治区 那曲市
95%
黑龙江省 伊春市
95%
甘肃省 张掖市
95%
新疆维吾尔自治区 昌吉回族自治州
90%
宁夏回族自治区 固原市
90%
黑龙江省 鸡西市
90%
黑龙江省 七台河市
90%
新疆维吾尔自治区 塔城地区
90%
四川省 雅安市
90%
甘肃省 白银市
85%
黑龙江省 双鸭山市
85%
No matching quizzes found
Score Distribution
Percent of People with Each Score
Percentile by Number Answered
Your Score History
You have not taken this quiz